000 00267nam a2200109Ia 4500
008 240625s9999 xx 000 0 und d
041 _aeng
082 _a658.4092 KOU
100 _aKOUZES JAMES M
245 _aTRUTH ABOUT LEADERSHIP THE NO FADES HEAR
365 _cRS
_b5
999 _c32875
_d32875